000 00580nam a22002177a 4500
003 UA-OsUOA
001 36668
007 ta
008 20060210b un ||||| |||| 00| 0 ukr d
100 _aФедоренко А.
090 _a82
_bФ11
942 _cSA
040 _aUA-OsUOA
_bukr
_cUA-OsUOA
_dUA-OsUOA
245 _aІншомовні афоризми в українських перекладах
300 _aС.43-47
955 _a0
041 _aukr
080 _a82
773 0 _w36662
650 7 _a82 Література. Літературознавство
_2UDC
999 _c322902
_d322902